Приватизация жилья: сборник нормативных актов

Podrobná bibliografie
Další autoři: Сивова Е. А. (составитель)
Shrnutí:Исключено из фонда НТБ ТПУ
Jazyk:ruština
Vydáno: Москва, Республика, 1992
Médium: MixedMaterials Kniha
KOHA link:https://koha.lib.tpu.ru/cgi-bin/koha/opac-detail.pl?biblionumber=163204

MARC

LEADER 00000nam0a2200000 4500
001 163204
005 20231031160720.0
010 |a 5250021697 
020 |a RU  |b 92-12742 
035 |a (RuTPU)RU\TPU\book\177063 
090 |a 163204 
100 |a 20090804h1992 m y0rusy5003 ca 
101 0 |a rus 
102 |a RU 
105 |a y z 000zy 
200 1 |a Приватизация жилья  |e сборник нормативных актов  |f сост. Е. А. Сивова 
210 |a Москва  |c Республика  |d 1992 
215 |a 94,[1] с.  |d 20 см 
333 |a Исключено из фонда НТБ ТПУ 
702 1 |a Сивова  |b Е. А.  |4 220 
801 0 |a RU  |b RuMRKP  |c 19950417  |g psbo 
801 1 |a RU  |b 63413507  |c 20090804  |g PSBO 
801 2 |a RU  |b 63413507  |c 20170124  |g PSBO 
942 |c BK